[Event "Bussum op 30th"]
[Site "Bussum"]
[Date "2013.05.18"]
[Round "1"]
[White "Van Eeghen, Piet"]
[Black "Galje, Hans"]
[Result "1/2-1/2"]
[WhiteElo "1786"]
[BlackElo "2094"]
[PlyCount "57"]
[EventDate "2013.05.18"]
[EventType "swiss"]
[EventRounds "7"]
[EventCountry "NED"]
[SourceTitle "CBM 154 Extra"]
[Source "ChessBase"]
[SourceDate "2013.06.25"]
[SourceVersion "2"]
[SourceVersionDate "2013.06.25"]
[SourceQuality "1"]

1. e4 d6 2. d3 g6 3. g3 Bg7 4. Bg2 e5 5. Nc3 Ne7 6. Be3 0-0 7. Qd2 Nbc6 8. Bh6 Nd4 9. Bxg7 Kxg7 10. Nd1 f5 11. c3 Ne6 12. exf5 Nxf5 13. Ne3 c6 14. Ne2 Nxe3 15. Qxe3 Qf6 16. Rf1 Bd7 17. 0-0-0 a5 18. f4 exf4 19. Nxf4 Nxf4 20. Rxf4 Qe6 21. Qd4+ Kg8 22. Rdf1 Rxf4 23. Qxf4 Qxa2 24. c4 Bf5 25. Be4 Re8 26. g4 Rxe4 27. dxe4 Qxc4+ 28. Kd2 Qd4+ 29. Kc1 1/2-1/2